Šum : o chybách v lidském úsudku /
Autoři analyzují, jakým způsobem mohou nejrůznější rušivé vlivy skrytě působit na naše rozhodování.
Uloženo v:
| Hlavní autor: | |
|---|---|
| Další autoři: | , , |
| Médium: | E-kniha |
| Jazyk: | Czech |
| Vydáno: |
V Brně :
Jan Melvil Publishing,
2021
|
| Vydání: | Vydání první |
| Edice: | Pod povrchem
|
| Témata: | |
| On-line přístup: | Elektronická verze přístupná pouze pro studenty a pracovníky ESF a FSS MU Plný text - pro registrované uživatele NK ČR |
| Tagy: |
Žádné tagy |
| LEADER | 02672nam a2200625 i 4500 | ||
|---|---|---|---|
| 001 | 311464 | ||
| 003 | CZ PrSKC | ||
| 005 | 20260601215706.0 | ||
| 007 | ta | ||
| 008 | 211201s2021 xr a f 001 0 cze | ||
| 015 | |a cnb003377215 | ||
| 020 | |a 9788075551481 |q (vázáno) | ||
| 035 | |a (OCoLC)1296108863 | ||
| 040 | |a BOA001 |b cze |e rda | ||
| 041 | 1 | |a cze |h eng | |
| 072 | 7 | |a 159.95 |x Vyšší duševní procesy |2 Konspekt | |
| 080 | |a 159.955.6 |2 MRF | ||
| 080 | |a 159.955.5 |2 MRF | ||
| 080 | |a 005.311.6 |2 MRF | ||
| 080 | |a 165.023.2 |2 MRF | ||
| 080 | |a 001.98 |2 MRF | ||
| 080 | |a (048.8:082) |2 MRF | ||
| 100 | 1 | |a Kahneman, Daniel, |d 1934-2024 |7 js20030721003 |4 aut | |
| 240 | 1 | 0 | |a Noise. |l Česky |
| 245 | 1 | 0 | |a Šum : |b o chybách v lidském úsudku / |c Daniel Kahneman, Olivier Sibony, Cass R. Sunstein ; překlad Eva Nevrlá |
| 246 | 3 | 0 | |a O chybách v lidském úsudku |
| 250 | |a Vydání první | ||
| 264 | 1 | |a V Brně : |b Jan Melvil Publishing, |c 2021 | |
| 300 | |a 407 stran : |b ilustrace ; |c 24 cm | ||
| 336 | |a text |b txt |2 rdacontent | ||
| 337 | |a bez média |b n |2 rdamedia | ||
| 338 | |a svazek |b nc |2 rdacarrier | ||
| 490 | 1 | |a Pod povrchem | |
| 500 | |a Přeloženo z angličtiny | ||
| 504 | |a Obsahuje bibliografické odkazy a rejstřík | ||
| 520 | 2 | |a Autoři analyzují, jakým způsobem mohou nejrůznější rušivé vlivy skrytě působit na naše rozhodování. | |
| 650 | 0 | 7 | |a usuzování |7 ph1136454 |2 czenas |
| 650 | 0 | 7 | |a rozhodování |7 ph125259 |2 czenas |
| 650 | 0 | 7 | |a omyly |7 ph123736 |2 czenas |
| 650 | 0 | 9 | |a reasoning |2 eczenas |
| 650 | 0 | 9 | |a decision making |2 eczenas |
| 650 | 0 | 9 | |a errors |2 eczenas |
| 655 | 7 | |a kolektivní monografie |7 fd501537 |2 czenas | |
| 655 | 9 | |a collective monographs |2 eczenas | |
| 700 | 1 | |a Sibony, Olivier, |d 1967- |7 xx0252370 |4 aut | |
| 700 | 1 | |a Sunstein, Cass R., |d 1954- |7 vse2005290876 |4 aut | |
| 700 | 1 | |a Nevrlá, Eva |7 xx0103050 |4 trl | |
| 830 | 0 | |a Pod povrchem | |
| 856 | 4 | 1 | |u https://www.bookport.cz/kniha/sum-10220/ |z Elektronická verze přístupná pouze pro studenty a pracovníky ESF a FSS MU |4 N |
| 856 | 4 | 1 | |u https://www.bookport.cz/AccountSaml/SignIn/?idp=https%3A%2F%2Fshibboleth.nkp.cz%2Fidp%2Fshibboleth&returnUrl=/kniha/sum-10220/ |y Plný text - pro registrované uživatele NK ČR |4 N |
| 900 | |a ABA001 |b 20 | ||
| 044 | |a xr | ||
| 910 | |a RBIT002 | ||
| 998 | |d 340051 |a https://core.palmknihy.cz/api/books/340051/cover?r2glpy |b https://core.palmknihy.cz/api/books/340051/cover/400?r2glpy |c https://core.palmknihy.cz/api/books/340051/cover/50?r2glpy |e |g 408 |i 9788075551481 |j https://core.palmknihy.cz/api/books/340051/preview.epub |l |q 49 |r 1 |s https://www.palmknihy.cz/kniha/340051 |t ebook |y 2021 |z 0 | ||
| 999 | |d 311462 | ||